00365nam a2200121Ia 4500008004100000024003600041082001600077100004500093245002000138260002600158600002100184650003800205260210s9999 xx 000 0 und d a11B-074-BS & 11B-082-BS a004.072 SYE aSyeda Khadijah Nawaz & Waqar Rasheed 0aMy Scrum Master aKarachi:bUITU,c2011 aComputer Science aBachelor of Computer Science (BS)